| 000 | 00409nam a2200169 4500 | ||
|---|---|---|---|
| 003 | OSt | ||
| 008 | 240508b |||||||| |||| 00| 0 eng d | ||
| 020 | _a9789391566111 | ||
| 100 | _aBRIGHAM, Eugene F | ||
| 245 | _aFinancial Management: Theory and Practice | ||
| 250 | _a15th | ||
| 260 |
_aNew Delhi _bCengage _c2023 |
||
| 300 | _a1180 | ||
| 650 | _aBBA | ||
| 700 | _aEHRHARDT, Micheal C | ||
| 942 |
_2ddc _cBK |
||
| 999 |
_c12672 _d12672 |
||